Analýza súčasného stavu rekreačnej a športovej plavby na Malom Dunaji.

Gespeichert in:
Bibliographische Detailangaben
1. Verfasser: Jariabka, Peter (Verfasst von)
Weitere Verfasser: Možiešik, Ľudovít (Betreuung Doktorarbeit)
Format: Manuskript Buch
Sprache:Slowakisch
Veröffentlicht: 2017
Schlagworte:
Online-Zugang:http://is.stuba.sk/zp/portal_zp.pl?podrobnosti=122036
https://opac.crzp.sk/?fn=detailBiblioForm&sid=A1BE4CBC10A6410E23D1758DE444
Tags: Tag hinzufügen
Keine Tags, Fügen Sie das erste Tag hinzu!

MARC

LEADER 00000ntm a22000003a 4500
001 stuzp51993
003 SK-STU
005 20231013151508.7
007 ta
008 150427s2015----xo-----f-mn---000-0-slo-d
040 |a STU  |b slo 
041 0 |a slo 
100 1 |a Jariabka, Peter  |u 010170  |4 aut  |U SvF Stavebná fakulta  |T SvF Katedra hydrotechniky  |X 26180  |U V170  |Y 17  |7 26180 
242 0 1 |a Analysis of the current state of recreational and sport boating/sailing on the Small Danube  |y eng 
245 1 0 |a Analýza súčasného stavu rekreačnej a športovej plavby na Malom Dunaji. 
260 |c 2017 
650 4 |a Malý Dunaj  |2 slo 
650 4 |a športová a rekreačná plavba  |2 slo 
650 4 |a rozvoj vodných športov  |2 slo 
650 4 |a analýza pomerov  |2 slo 
650 4 |a Small Danube  |2 eng 
650 4 |a sport and recreational boating  |2 eng 
650 4 |a water sports development  |2 eng 
650 4 |a relation analysis  |2 eng 
700 1 |a Možiešik, Ľudovít  |u 010170  |k Z1  |4 ths  |U SvF Stavebná fakulta  |T SvF Katedra hydrotechniky  |X 783  |U V170  |Y 17  |7 A000000783 
856 4 |u http://is.stuba.sk/zp/portal_zp.pl?podrobnosti=122036 
856 4 |u https://opac.crzp.sk/?fn=detailBiblioForm&sid=A1BE4CBC10A6410E23D1758DE444